<?xml version="1.0" encoding="UTF-8"?>
<record
    xmlns:xsi="http://www.w3.org/2001/XMLSchema-instance"
    xsi:schemaLocation="http://www.loc.gov/MARC21/slim http://www.loc.gov/standards/marcxml/schema/MARC21slim.xsd"
    xmlns="http://www.loc.gov/MARC21/slim">

  <leader>02245nam a2200361   4500</leader>
  <controlfield tag="001">193223</controlfield>
  <controlfield tag="003">ES-MaACL</controlfield>
  <controlfield tag="005">20250709222100.0</controlfield>
  <controlfield tag="007">ta</controlfield>
  <controlfield tag="008">231016b        sp ||||| |||| 00| 0 spa d</controlfield>
  <datafield tag="040" ind1=" " ind2=" ">
    <subfield code="b">spa</subfield>
    <subfield code="c">ES-MaACL</subfield>
  </datafield>
  <datafield tag="080" ind1=" " ind2=" ">
    <subfield code="a">929Guerra, Alfonso:32(049.3)</subfield>
  </datafield>
  <datafield tag="080" ind1=" " ind2=" ">
    <subfield code="a">32(460)"1975/..."</subfield>
  </datafield>
  <datafield tag="100" ind1="1" ind2=" ">
    <subfield code="a">Guerra, Alfonso,</subfield>
    <subfield code="d">1940-</subfield>
    <subfield code="e">aut</subfield>
    <subfield code="9">60479</subfield>
  </datafield>
  <datafield tag="245" ind1="1" ind2="3">
    <subfield code="a">La rosa y las espinas : </subfield>
    <subfield code="b">el hombre detr&#xE1;s del pol&#xED;tico  /</subfield>
    <subfield code="c">Alfonso Guerra en conversaci&#xF3;n con Manuel Lamarca</subfield>
  </datafield>
  <datafield tag="250" ind1=" " ind2=" ">
    <subfield code="a">Primera edici&#xF3;n: septiembre de 2023</subfield>
  </datafield>
  <datafield tag="260" ind1=" " ind2=" ">
    <subfield code="a">Madrid :</subfield>
    <subfield code="b">La Esfera de los Libros,</subfield>
    <subfield code="c">2023</subfield>
  </datafield>
  <datafield tag="300" ind1=" " ind2=" ">
    <subfield code="a">276 p&#xE1;ginas ;</subfield>
    <subfield code="c">24 cm</subfield>
  </datafield>
  <datafield tag="336" ind1=" " ind2=" ">
    <subfield code="2">rdacontent</subfield>
    <subfield code="a">Texto</subfield>
  </datafield>
  <datafield tag="337" ind1=" " ind2=" ">
    <subfield code="2">rdamedia</subfield>
    <subfield code="a">sin mediaci&#xF3;n</subfield>
  </datafield>
  <datafield tag="338" ind1=" " ind2=" ">
    <subfield code="2">rdacarrier</subfield>
    <subfield code="a">volumen</subfield>
  </datafield>
  <datafield tag="520" ind1=" " ind2=" ">
    <subfield code="a">En marzo de 2022, Alfonso Guerra se sent&#xF3; frente a la c&#xE1;mara del cineasta Manuel Lamarca para hacer un repaso a su trayectoria personal y pol&#xED;tica. Este libro recoge los mejores momentos de las grabaciones, en las que Guerra se muestra directo y sin las cortapisas de &#xAB;lo pol&#xED;ticamente correcto&#xBB;. El lector podr&#xE1; conocer los entresijos de la Transici&#xF3;n, c&#xF3;mo se desarroll&#xF3; la elaboraci&#xF3;n de la Constituci&#xF3;n, el golpe de Estado del 23F, la hist&#xF3;rica victoria del PSOE de 1982, su trabajo como vicepresidente o su salida del Gobierno. Sin olvidar al hombre detr&#xE1;s del pol&#xED;tico, su faceta m&#xE1;s personal y familiar, as&#xED; como sus gustos literarios, musicales o cinematogr&#xE1;ficos, enriquecidos por el trato con las personalidades de todo tipo que ha conocido a lo largo de su vida.</subfield>
  </datafield>
  <datafield tag="600" ind1="1" ind2="4">
    <subfield code="a">Guerra, Alfonso,</subfield>
    <subfield code="d">1940-</subfield>
    <subfield code="9">60479</subfield>
  </datafield>
  <datafield tag="651" ind1=" " ind2="4">
    <subfield code="9">159606</subfield>
    <subfield code="a">Espa&#xF1;a-</subfield>
    <subfield code="x">Pol&#xED;tica y gobierno-</subfield>
    <subfield code="y">1975-</subfield>
  </datafield>
  <datafield tag="700" ind1="1" ind2=" ">
    <subfield code="9">234342</subfield>
    <subfield code="a">Lamarca, Manuel,</subfield>
    <subfield code="d">1974-</subfield>
  </datafield>
  <datafield tag="852" ind1=" " ind2=" ">
    <subfield code="a">ES-MaACL</subfield>
    <subfield code="b">R. 154756</subfield>
    <subfield code="c">DEPOJ</subfield>
    <subfield code="j">N-9372</subfield>
    <subfield code="x">Encuadernaci&#xF3;n carton&#xE9; con sobrecubiertas</subfield>
    <subfield code="9">200638</subfield>
    <subfield code="g">Dedicatoria aut&#xF3;grafa del autor</subfield>
    <subfield code="h">Donaci&#xF3;n: Alfonso Guerra</subfield>
  </datafield>
  <datafield tag="903" ind1=" " ind2=" ">
    <subfield code="a">Guerra, Alfonso,</subfield>
    <subfield code="d">1940-</subfield>
    <subfield code="e">dnr</subfield>
    <subfield code="9">60479</subfield>
  </datafield>
  <datafield tag="942" ind1=" " ind2=" ">
    <subfield code="n">0</subfield>
    <subfield code="c">MONOGRAFIA</subfield>
  </datafield>
  <datafield tag="999" ind1=" " ind2=" ">
    <subfield code="c">193223</subfield>
    <subfield code="d">193223</subfield>
  </datafield>
  <datafield tag="952" ind1=" " ind2=" ">
    <subfield code="0">0</subfield>
    <subfield code="1">0</subfield>
    <subfield code="2">udc</subfield>
    <subfield code="3">Enc. carton&#xE9;</subfield>
    <subfield code="4">0</subfield>
    <subfield code="7">0</subfield>
    <subfield code="8">Librosdedicados</subfield>
    <subfield code="a">ATENEOM</subfield>
    <subfield code="b">ATENEOM</subfield>
    <subfield code="c">DEPOJ</subfield>
    <subfield code="d">2023-10-16</subfield>
    <subfield code="e">DONACION</subfield>
    <subfield code="i">R.154756</subfield>
    <subfield code="j">1</subfield>
    <subfield code="l">0</subfield>
    <subfield code="o">N-9372</subfield>
    <subfield code="p">101205929</subfield>
    <subfield code="r">2023-10-16 00:00:00</subfield>
    <subfield code="y">MONOGRAFIA</subfield>
    <subfield code="z">Dedicatoria aut&#xF3;grafa del autor</subfield>
  </datafield>
</record>
